International Symposium on Natural and Man-Made Fibres /

Bibliographic Details
Corporate Authors: International Symposium on Natural and Man-made Fibres Karachi, Pakistan, Pakistan Academy of Sciences, Pakistan Central Cotton Committee, Pakistan Central Jute Committee
Format: Conference Proceeding Book
Language:English
Published: [Karachi] : [The Academy], [1975?]
Subjects:

MARC

Tag First Indicator Second Indicator Subfields
LEADER 00000cam a2200000 a 4500
001 in00000597921
005 20151014094957.0
008 850614s1975 pk 10010 eng
010 |a  84931237  
035 |a (OCoLC)12751221 
035 |9 ACR2203AM 
040 |a DLC  |c DLC  |d m/c  |d TXA  |d UtOrBLW 
049 |a TXAM  |c [A10907748] 
050 0 0 |a TS1540  |b .I58 1971 
082 0 |a 677/.02832  |2 19 
111 2 |a International Symposium on Natural and Man-made Fibres  |d (1971 :  |c Karachi, Pakistan) 
245 1 0 |a International Symposium on Natural and Man-Made Fibres /  |c under the joint auspices of the Pakistan Academy of Sciences, the Pakistan Central Cotton Committee, and the Pakistan Central Jute Committee. 
264 1 |a [Karachi] :  |b [The Academy],  |c [1975?] 
300 |a i, 30 pages ;  |c 25 cm. 
336 |a text  |b txt  |2 rdacontent 
337 |a unmediated  |b n  |2 rdamedia 
338 |a volume  |b nc  |2 rdacarrier 
650 0 |a Textile fibers  |x Congresses. 
710 2 |a Pakistan Academy of Sciences. 
710 2 |a Pakistan Central Cotton Committee. 
710 2 |a Pakistan Central Jute Committee. 
999 |a MARS 
999 f f |s 2588687c-a521-3366-ad21-3181246c38f0  |i 6671fc6d-06e5-37e3-9dab-4e2f1d24ffa2  |t 0 
952 f f |p ric  |a Texas A&M University  |b Rellis Campus  |c Joint Library Facility  |d Remote Storage  |t 0  |e TS1540 .I58 1971  |h Library of Congress classification  |i unmediated -- volume  |m A14810907748 
998 f f |a TS1540 .I58 1971  |t 0  |l Remote Storage